State succession and membership in international organizations : (Record no. 1357)
[ view plain ]
| 000 -LEADER | |
|---|---|
| fixed length control field | 01505cam a2200361Li 4500 |
| 001 - CONTROL NUMBER | |
| control field | ocn468619119 |
| 003 - CONTROL NUMBER IDENTIFIER | |
| control field | OCoLC |
| 005 - DATE AND TIME OF LATEST TRANSACTION | |
| control field | 20110926100631.0 |
| 008 - FIXED-LENGTH DATA ELEMENTS--GENERAL INFORMATION | |
| fixed length control field | 010924s2001 ne 001 0 eng d |
| 040 ## - CATALOGING SOURCE | |
| Original cataloging agency | BDF |
| Language of cataloging | fre |
| Transcribing agency | BDF |
| Modifying agency | CHRRO |
| 016 7# - NATIONAL BIBLIOGRAPHIC AGENCY CONTROL NUMBER | |
| Record control number | FRBNF377435400000006 |
| Source | FrPBN |
| 020 ## - INTERNATIONAL STANDARD BOOK NUMBER | |
| International Standard Book Number | 9041115536 (br) |
| 020 ## - INTERNATIONAL STANDARD BOOK NUMBER | |
| International Standard Book Number | 9789041115539 (br) |
| 029 1# - (OCLC) | |
| OCLC library identifier | ZWZ |
| System control number | 058524231 |
| 029 1# - (OCLC) | |
| OCLC library identifier | CHRRO |
| System control number | R003186243 |
| 035 ## - SYSTEM CONTROL NUMBER | |
| System control number | (OCoLC)468619119 |
| 049 ## - LOCAL HOLDINGS (OCLC) | |
| Holding library | TZAA |
| 100 1# - MAIN ENTRY--PERSONAL NAME | |
| Personal name | Bühler, Konrad G. |
| Relator code | aut |
| 245 10 - TITLE STATEMENT | |
| Title | State succession and membership in international organizations : |
| Remainder of title | legal theories versus political pragmatism / |
| Statement of responsibility, etc | by Konrad G. Bühler. |
| 260 ## - PUBLICATION, DISTRIBUTION, ETC. (IMPRINT) | |
| Place of publication, distribution, etc | The Hague ; |
| -- | London ; |
| -- | Boston : |
| Name of publisher, distributor, etc | Kluwer law international, |
| Date of publication, distribution, etc | 2001. |
| 300 ## - PHYSICAL DESCRIPTION | |
| Extent | XXII-351 p. ; |
| Dimensions | 25 cm. |
| 490 0# - SERIES STATEMENT | |
| Series statement | Legal aspects of international organization ; |
| Volume number/sequential designation | 38 |
| 500 ## - GENERAL NOTE | |
| General note | Bibliogr. p. 321-337. Index. |
| 502 ## - DISSERTATION NOTE | |
| Dissertation note | Texte remanié de: Th.--Droit--Vienne, 1999. |
| 650 #7 - SUBJECT ADDED ENTRY--TOPICAL TERM | |
| Topical term or geographic name as entry element | Organisations internationales |
| General subdivision | Adhésion. |
| Source of heading or term | ram |
| 650 #7 - SUBJECT ADDED ENTRY--TOPICAL TERM | |
| Topical term or geographic name as entry element | Succession d'États. |
| Source of heading or term | ram |
| 650 #7 - SUBJECT ADDED ENTRY--TOPICAL TERM | |
| Topical term or geographic name as entry element | Etat membre |
| General subdivision | organisations internationales |
| -- | succession d'Etats |
| Chronological subdivision | 1945 / 2000 |
| Form subdivision | [étude de cas] |
| Source of heading or term | rero |
| 760 0# - MAIN SERIES ENTRY | |
| Title | Legal aspects of international organization |
| International Standard Serial Number | 0924-4883 |
| Relationship information | 38 |
| Record control number | (FrPBN)34223167 |
| 856 42 - ELECTRONIC LOCATION AND ACCESS | |
| Materials specified | Notice et cote du catalogue de la Bibliothèque nationale de France |
| Uniform Resource Identifier | <a href="http://catalogue.bnf.fr/ark:/12148/cb37743540q">http://catalogue.bnf.fr/ark:/12148/cb37743540q</a> |
| 886 1# - FOREIGN MARC INFORMATION FIELD | |
| 2 | intermrc |
| a | 009 |
| b | ab-d----------a---- |
| 886 2# - FOREIGN MARC INFORMATION FIELD | |
| 2 | intermrc |
| a | 917 |
| b | -- |
| o | GEA |
| a | 007076367 |
| 994 ## - | |
| -- | C0 |
| -- | TZACH |
No items available.
